000 00356 a2200157 4500
001 61360
020 _a9783468471056
040 _cAnchieta - Pituba
100 _aMoritz, Ulrike
240 1 0 _aGeni@l klick
_lpor
245 1 0 _aGeni@l klick
300 _a48
362 0 _a2011
650 4 _aLínguas germânicas (teutônicas) língua alemã
942 _cBK
999 _c61360
_d61360